| 000 | 00841cam a2200313 i 4500 | ||
|---|---|---|---|
| 001 | 0000815 | ||
| 003 | DO-SdBNP | ||
| 005 | 20180213150306.0 | ||
| 007 | 0000815 | ||
| 008 | 100514s 2004 mx a | |||| 000 f spa | ||
| 015 | _a | ||
| 017 |
_a _b |
||
| 020 | _a9789681914301 | ||
| 035 | _a | ||
| 040 |
_aBPMSU _bspa _cBPMSU _e |
||
| 080 | _a | ||
| 100 | 1 |
_aHinojosa, Francisco _d1954- |
|
| 245 | 1 | 0 |
_aYanka, yanka / _cFrancisco Hinojosa ; ilustraciones El fisgón _h |
| 250 | _a7a. reimpr. | ||
| 260 |
_aMéxico : _bAlfaguara, _bGrupo Santillana, _c2004. _f2008. |
||
| 300 |
_a31 p.: _bil. _c19 m |
||
| 490 | 1 | _aAlfaguara infantil | |
| 521 | _aA partir de 6 años. | ||
| 700 | 1 | 2 |
_aEl Fisgón _eil. |
| 830 | 0 | _aAlfaguara infantil | |
| 942 |
_2ddc _cBK |
||
| 945 | _aInventariado, 2018/ YL | ||
| 956 |
_aYLOCKWARD _cBPMSU _b10 |
||
| 999 |
_c11927 _d11927 |
||